00503pab a2200157 454500008004000000100001600040245009800056260000900154300001500163362000800178650003500186650004200221650002600263700002100289773003500310180718b2001 xxu||||| |||| 00| 0 eng d aCaroli, Eve aSkill-based organizational change? Evidence from a panel of British and French establishments c2001 ap.1449-492 aNov aOrganizational change - France aOrganizational change - Great Britain aOrganizational change aReenen, John Van aQuarterly Journal of Economics